[Event "Wch Amateurs U1700 (Women)"]
[Site "Rhodes"]
[Date "2024.10.28"]
[Round "2"]
[White "Petergova, Stella"]
[Black "Evdokimova, Viktoriya"]
[Result "1/2-1/2"]
[WhiteElo "1588"]
[BlackElo "1672"]
[PlyCount "66"]
[EventDate "2024.10.27"]
[EventType "swiss"]
[EventRounds "9"]
[EventCountry "GRE"]
[SourceTitle "CB45_2024"]
[Source "ChessBase"]
[SourceDate "2024.11.06"]
[SourceVersion "1"]
[SourceVersionDate "2024.11.06"]
[SourceQuality "1"]

1. e4 c6 2. c4 d5 3. cxd5 cxd5 4. exd5 Qxd5 5. Nc3 Qe5+ 6. Be2 Nc6 7. Nf3 Qa5 8. d4 e6 9. d5 exd5 10. Qxd5 Bb4 11. Qxa5 Bxa5 12. Bd2 Bg4 13. 0-0 0-0-0 14. Rfd1 Nf6 15. h3 Bxf3 16. Bxf3 Nd4 17. Rac1 Nxf3+ 18. gxf3 Kb8 19. Bf4+ Bc7 20. Bxc7+ Kxc7 21. Nd5+ Kb8 22. Nxf6 gxf6 23. Kf1 Rxd1+ 24. Rxd1 Kc7 25. Rd4 h5 26. Rf4 Rh6 27. Rc4+ Kd6 28. Rc8 h4 29. Rb8 Kc6 30. Rc8+ Kd7 31. Rb8 Kc6 32. Rc8+ Kd7 33. Rb8 Kc6 1/2-1/2